000 00866cad a22002055a 4500
001 E150403
008 100708s2010 xxk f s000 0 eng d
020 _a9780755994588
035 _a(Sirsi) u150403
041 0 _aeng
110 2 _aScotland
_bScottish Government
_95344
245 0 0 _aResourcing a high quality planning system
_ba consultation paper
_h[electronic resource]
260 _aEdinburgh
_bScottish Government
_c2010
520 _aSeeks views on changing the planning service so that it is more effectively resourced and provides a better quality of service, inclusing proposals to change the fee structure.
590 _aKA
651 4 _aScotland
_y1999-
690 _aPlanning and development
_96259
856 4 0 _uhttps://www.scotland.gov.uk/Publications/2010/07/07154028/0
_zView the consultation free of charge at www.scotland.gov.uk
942 _n0
999 _c110855
_d110855